[Event "Dekweneh op"]
[Site "Dekweneh"]
[Date "2023.02.28"]
[Round "4"]
[White "Hamoushi, Mohamad Ali"]
[Black "Moghnieh, Hussein"]
[Result "1-0"]
[WhiteElo "1655"]
[BlackElo "1423"]
[PlyCount "121"]
[EventDate "2023.02.25"]
[EventType "tourn"]
[EventRounds "9"]
[EventCountry "LBN"]
[SourceTitle "CBM 213 Extra"]
[Source "ChessBase"]
[SourceDate "2023.05.31"]
[SourceVersion "1"]
[SourceVersionDate "2023.05.31"]
[SourceQuality "1"]

1. d4 d5 2. c4 c6 3. Nf3 Nf6 4. Nc3 e6 5. g3 dxc4 6. Bg2 Nbd7 7. a4 a5 8. 0-0 Be7 9. Qc2 0-0 10. e4 Nb6 11. Rd1 h6 12. Ne5 Nfd7 13. Nf3 Qc7 14. Be3 Rd8 15. Nd2 e5 16. d5 Bc5 17. Bxc5 Nxc5 18. b3 Nxb3 19. Nxb3 cxb3 20. Qxb3 Nd7 21. Rab1 b6 22. Rdc1 c5 23. Nb5 Qb8 24. Rd1 Ba6 25. Bf1 Bxb5 26. Bxb5 Nf6 27. f3 Qd6 28. Bc6 Rab8 29. Qd3 Nh7 30. Rb5 Nf8 31. Qb3 Qc7 32. Rb1 Nd7 33. Bxd7 Qxd7 34. Rxb6 Ra8 35. Kg2 Rdc8 36. Qc4 Ra7 37. R6b5 Raa8 38. Rc1 Kh7 39. Qb3 Qa7 40. Rc4 Rab8 41. Rxb8 Rxb8 42. Qc3 Qa6 43. Qc2 Rb2 44. Qxb2 Qxc4 45. Qxe5 Qe2+ 46. Kh3 g6 47. Qf6 Kg8 48. Kg4 Qxh2 49. Qd8+ Kg7 50. d6 Qh5+ 51. Kf4 g5+ 52. Ke3 Qh1 53. Qxa5 Qg1+ 54. Kd3 Qd4+ 55. Kc2 Qxd6 56. Qc3+ f6 57. g4 Kf7 58. Qb3+ Kg7 59. Qb7+ Kg6 60. Qd5 Qc7 61. Qg8+ 1-0

[Event "Beirut Christmas op 20th"]
[Site "Beirut"]
[Date "2018.12.22"]
[Round "1"]
[White "Hamoushi, Mohamad Ali"]
[Black "Hamdoun, Rayan"]
[Result "0-1"]
[WhiteElo "1714"]
[BlackElo "1071"]
[PlyCount "56"]
[EventDate "2018.12.22"]
[EventType "swiss"]
[EventRounds "7"]
[EventCountry "LBN"]
[SourceTitle "CBM 188 Extra"]
[Source "ChessBase"]
[SourceDate "2019.02.26"]
[SourceVersion "1"]
[SourceVersionDate "2019.02.26"]
[SourceQuality "1"]

1. Nf3 c5 2. c4 d6 3. Nc3 Nf6 4. g3 g6 5. Bg2 Nc6 6. 0-0 Bg7 7. d3 0-0 8. Bg5 Bd7 9. a3 Qb6 10. Qc2 Nd4 11. Nxd4 cxd4 12. Na4 Qa5 13. Bxb7 Bxa4 14. b4 Qxg5 15. Qxa4 Rab8 16. Qxa7 Qd2 17. Bf3 Qc3 18. Qa4 d5 19. c5 Ra8 20. Qd1 Rxa3 21. Rb1 Rb8 22. Qc1 Ra4 23. Qxc3 dxc3 24. b5 Ra5 25. c6 Raxb5 26. Rxb5 Rxb5 27. d4 Ne8 28. e3 c2 0-1